000 00298nam a22001337a 4500
082 _a894.812.3
_bDIC/S
100 _aDICKENS, CHARLES
245 _aSHOBHANAMAYA BHAVI
260 _aKUNNAMKULAM
_bRED ROSE PUBLISHING HOUSE
_c2009
300 _a176
520 _aNOVEL
650 _aNOVEL
942 _cBK
999 _c4870
_d4870